000 00654nam a2200229 u 4500
001 000020398
003 OSt
005 20200929170411.0
008 100813s1965 000 0 eng d
040 _aDO-SdBNP
_bspa
_cBNPHU
082 _axxx
_bxxxx
100 _aHorngren, Charles T.
_976683
245 1 0 _aAccounting for management control: an introduction /
_cCharles T. Horngren
260 _aNew Jersey, :
_bPrentice Hall,
_c1965.
300 _a498 p, ;
_c24 cm.
500 _aIncluye notas a pie de páginas
500 _aIncluye indice
590 _aInventariado, 2020/ YL
910 _aEn proceso
942 _2ddc
_cLF1
956 _aYLOCKWARD
999 _c19902
_d19902